00613cam a22001697a 4500008004000000020001500040082001500055100001700070245010800087260002600195300001000221650004600231650004600277650005000323650004800373700002200421180718b1995 xxu||||| |||| 00| 0 eng d a0582102707 aT29x4 St36 aGros, Daniel aWinds of change: economic transition in central and eastern Europecby Daniel Gros and Alfred Steinherr aLondonbLongmanc1995 a544p. aFormer Soviet republics - Economic policy aEurpoe,Eastern - Economic policy - 1989 - aFormer Soviet republics - Economic conditions aEurope,Eastern - Economic conditions - 1989 aSteinherr, Alfred